The painted face : portraits of women in France, 1814 - 1914
Saved in:
| Main Author: | |
|---|---|
| Document Type: | Book |
| Language: | English |
| Published: |
New Haven, Conn. ; London
: Yale Univ. Press
, 2007
|
| Subjects: | |
| Online Access: | Inhaltsverzeichnis Autorenbiografie Verlagsangaben http://www.loc.gov/catdir/toc/ecip076/2006100419.html Inhaltsverzeichnis |
| Related Items: | Rezensiert in:
[Rezension von: Tamar Garb, The painted face, portraits of women in France, 1814-1914] Rezensiert in: Anyone there? [Rezension] |
| Author Notes: | Tamar Garb |
| LEADER | 06040cam a2201105 c 4500 | ||
|---|---|---|---|
| 001 | 521809142 | ||
| 003 | DE-627 | ||
| 005 | 20260615222702.0 | ||
| 007 | tu | ||
| 008 | 061116s2007 xxu||||| 00| ||eng c | ||
| 010 | |a 2006100419 | ||
| 016 | 7 | |a 013629094 |2 UK | |
| 020 | |a 0300111185 |q (hbk.) : £40.00 hbk. : £40.00 : CIP entry (Apr.) |9 0-300-11118-5 | ||
| 020 | |a 9780300111187 |9 978-0-300-11118-7 | ||
| 024 | 3 | |a 9780300111187 | |
| 035 | |a (DE-627)521809142 | ||
| 035 | |a (DE-603)188459979 | ||
| 035 | |a (DE-576)263394603 | ||
| 035 | |a (DE-599)GBV521809142 | ||
| 035 | |a (OCoLC)266973012 | ||
| 035 | |a (OCoLC)266973012 | ||
| 035 | |a (OCoLC)185219235 | ||
| 035 | |a (OCoLC)836380910 | ||
| 040 | |a DE-627 |b ger |c DE-627 |e rakwb | ||
| 041 | |a eng | ||
| 044 | |c XD-US |c XA-GB | ||
| 050 | 0 | |a ND1329.3.W6 | |
| 082 | 0 | |a 757/.40944 |q LOC |2 22 | |
| 082 | 0 | |a 757.4094409034 | |
| 084 | |a 9,10 |2 ssgn | ||
| 084 | |a LM 83390 |2 rvk |0 (DE-625)rvk/101487:12026 | ||
| 084 | |a LM 83530 |2 rvk |0 (DE-625)rvk/101494: | ||
| 084 | |a 21.02 |2 bkl | ||
| 084 | |a 20.24 |2 bkl | ||
| 084 | |a 15.65 |2 bkl | ||
| 090 | |a a | ||
| 100 | 1 | |a Garb, Tamar |d 1956- |0 (DE-588)111429641 |0 (DE-627)661398609 |0 (DE-576)345168615 |4 aut | |
| 245 | 1 | 4 | |a The painted face |b portraits of women in France, 1814 - 1914 |c Tamar Garb |
| 263 | |a 0703 | ||
| 264 | 1 | |a New Haven, Conn. |a London |b Yale Univ. Press |c 2007 | |
| 300 | |a IX, 276 S. |b zahlr. Ill. |c 28 cm | ||
| 336 | |a Text |b txt |2 rdacontent | ||
| 337 | |a ohne Hilfsmittel zu benutzen |b n |2 rdamedia | ||
| 338 | |a Band |b nc |2 rdacarrier | ||
| 505 | 8 | |a Fictions of femininity in the case of Ingres's portrait of Madame de SenonnesFraming femininity in Manet's portrait of Mlle E.G. -- Blank mourning: portraiture and separation -- Touching sexual difference: Madame Cézanne in a red dress -- The portrait in pieces: Cubism's corpus -- The lost subject of portraiture: Matisse's Portrait of 1913. | |
| 505 | 8 | |a Includes bibliographical references | |
| 505 | 8 | |a Fictions of femininity in the case of Ingres' portrait of Mme De Senonnes -- Framing femininity in Manet's portrait of Mlle E.G. -- Blank mourning: portraiture and separation -- Touching sexual difference: Madame Cezanne in a yellow chair -- Portrait in pieces: Cubism's corpus -- Lost subject of portraiture: Matisse's portrait of 1913 | |
| 583 | 1 | |a Archivierung/Langzeitarchivierung gewährleistet |f SSG |x XA-DE-BW |2 pdager |5 DE-16 | |
| 583 | 1 | |a Archivierung/Langzeitarchivierung gewährleistet |f SLG |z Frankreichforschung |2 pdager |5 DE-77 | |
| 600 | 1 | 7 | |0 (DE-588)11855560X |0 (DE-627)145360938 |0 (DE-576)161540562 |a Ingres, Jean-Auguste-Dominique |d 1780-1867 |2 gnd |
| 600 | 1 | 7 | |0 (DE-588)11857700X |0 (DE-627)079371973 |0 (DE-576)162116357 |a Manet, Edouard |d 1832-1883 |2 gnd |
| 600 | 1 | 7 | |0 (DE-588)118519964 |0 (DE-627)145379957 |0 (DE-576)160581893 |a Cézanne, Paul |d 1839-1906 |2 gnd |
| 600 | 1 | 7 | |0 (DE-588)118578847 |0 (DE-627)145380238 |0 (DE-576)162160208 |a Matisse, Henri |d 1869-1954 |2 gnd |
| 648 | 7 | |a Geschichte 1814-1914 |2 gnd | |
| 650 | 0 | |a Women |z France |v Portraits | |
| 650 | 0 | |a Portrait painting, French |y 19th century | |
| 650 | 0 | |a Portrait painting, French |y 20th century | |
| 650 | 0 | |a Femininity in art | |
| 650 | 0 | 7 | |0 (DE-588)4145426-1 |0 (DE-627)104297247 |0 (DE-576)209741392 |a Bildnismalerei |2 gnd |
| 650 | 0 | 7 | |0 (DE-588)4113617-2 |0 (DE-627)104653604 |0 (DE-576)209477962 |a Frau |g Motiv |2 gnd |
| 650 | 0 | 7 | |0 (DE-588)4006627-7 |0 (DE-627)106376888 |0 (DE-576)208866353 |a Bildnis |2 gnd |
| 650 | 4 | |a Portrait painting, French |x 19th century | |
| 650 | 4 | |a Portrait painting, French |x 20th century | |
| 650 | 4 | |a Women in art | |
| 651 | 7 | |0 (DE-588)4018145-5 |0 (DE-627)106327232 |0 (DE-576)208922857 |a Frankreich |2 gnd | |
| 689 | 0 | 0 | |d g |0 (DE-588)4018145-5 |0 (DE-627)106327232 |0 (DE-576)208922857 |a Frankreich |2 gnd |
| 689 | 0 | 1 | |d s |0 (DE-588)4018202-2 |0 (DE-627)104270705 |0 (DE-576)208923209 |a Frau |2 gnd |
| 689 | 0 | 2 | |d s |0 (DE-588)4006627-7 |0 (DE-627)106376888 |0 (DE-576)208866353 |a Bildnis |2 gnd |
| 689 | 0 | 3 | |d s |0 (DE-588)4113617-2 |0 (DE-627)104653604 |0 (DE-576)209477962 |a Frau |g Motiv |2 gnd |
| 689 | 0 | 4 | |a z |2 gnd |a Geschichte 1814-1914 |
| 689 | 0 | |5 (DE-627) | |
| 787 | 0 | 8 | |i Rezensiert in |a Freund, Amy |t [Rezension von: Tamar Garb, The painted face, portraits of women in France, 1814-1914] |d 2008 |w (DE-627)1762890259 |
| 787 | 0 | 8 | |i Rezensiert in |a Hyman, Timothy, 1946 - |t Anyone there? [Rezension] |d 2007 |w (DE-627)1956226095 |
| 856 | 4 | 2 | |u https://swbplus.bsz-bw.de/bsz263394603inh.htm |m V:DE-576 |q application/pdf |v 2007-08-14 |3 Inhaltsverzeichnis |7 1 |
| 856 | 4 | 2 | |u http://www.loc.gov/catdir/enhancements/fy0711/2006100419-b.html |v 2015-09-28 |x Verlag |3 Autorenbiografie |7 1 |
| 856 | 4 | 2 | |u http://www.loc.gov/catdir/enhancements/fy0711/2006100419-d.html |v 2015-09-28 |x Verlag |3 Verlagsangaben |7 1 |
| 856 | 4 | 2 | |u http://www.loc.gov/catdir/toc/ecip076/2006100419.html |7 1 |
| 856 | 4 | 2 | |u http://scans.hebis.de/HEBCGI/show.pl?18845997_toc.pdf |m V:DE-576 |q application/pdf |3 Inhaltsverzeichnis |7 1 |
| 935 | |a MZFRA | ||
| 935 | |i sf | ||
| 935 | |i Blocktest | ||
| 936 | r | v | |a LM 83390 |b allgemein |k Kunstgeschichte |k Kunst nach Ländern bzw. Kontinenten |k Frankreich |k Französische Kunstgeschichte nach Gattungen |k Malerei |k Einzelne Epochen |k 19. und 20. Jahrhundert |k 19. Jahrhundert |k allgemein |0 (DE-627)1270701029 |0 (DE-625)rvk/101487:12026 |0 (DE-576)200701029 |
| 936 | r | v | |a LM 83530 |b Porträt |k Kunstgeschichte |k Kunst nach Ländern bzw. Kontinenten |k Frankreich |k Französische Kunstgeschichte nach Gattungen |k Malerei |k Gegenstände (Darstellungen nichtikonographischen Charakters) |k Porträt |0 (DE-627)1271138387 |0 (DE-625)rvk/101494: |0 (DE-576)201138387 |
| 936 | b | k | |a 21.02 |j Geschichte der Malerei |0 (DE-627)106406698 |
| 936 | b | k | |a 20.24 |j Gesellschaft |j Kultur |x Ikonographie |0 (DE-627)106423622 |
| 936 | b | k | |a 15.65 |j Frankreich |x Geschichte |0 (DE-627)181571641 |
| 936 | s | n | |a l300 |2 mzub |
| 951 | |a BO | ||
| 990 | |a Frankreich | ||
| 990 | |a Frau | ||
| 990 | |a Bildnis | ||
| 990 | |a Frau | ||
| 990 | |a Geschichte 1814-1914 | ||
| 991 | |a Rezensiertes Werk | ||
| 999 | |a KXP-PPN521809142 |e 4630960090 | ||


